| 000 | 00998nam a22001937a 4500 | ||
|---|---|---|---|
| 003 | AM-YeHGA | ||
| 040 | _aAM-YeHGA | ||
| 090 | _c441406 | ||
| 005 | 20250617155751.0 | ||
| 008 | 191004s1959 ru ||||| |||| 00| 0 rus d | ||
| 041 | 0 | _arus | |
| 100 | 1 | _aЗаманский, Михаил Абрамович | |
| 245 | 1 | 0 |
_aКоэффициент мощности (cos ϕ) электроустановок промышленных предприятий и способы его повышения : _bУчеб. пособие / _cДоц. М. А. Заманский ; М-во высш. образования СССР. Моск. гос. экон. ин-т. Кафедра технологии |
| 260 |
_a[Москва] : _b[б. и.], _c1959. |
||
| 300 |
_a32 с. : _bил.; _c20 см |
||
| 504 | _aБиблиогр.: в конце кн.: | ||
| 650 | 1 | 4 |
_aЭлектрические установки промпредприятий _xКоэффициент мощности |
| 942 |
_2udc _cBK |
||
| 999 |
_c438676 _d438676 |
||